| 000 | 00966nam a2200241 a 4500 | ||
|---|---|---|---|
| 001 | BRCA_1986 | ||
| 005 | 20190320203627.0 | ||
| 008 | 171005s2002----sp-a---###---#000-0#spa-d | ||
| 020 | _a8476284047 | ||
| 050 | 4 |
_aN6553 _b.T47 2002 |
|
| 100 | 1 |
_aTervarent, Guy de _96088 |
|
| 245 | 1 | 0 |
_aAtributos y símbolos del arte profano _bdiccionario de un lenguaje perdido _cGuy de Tervarent ; traducción José María Sousa Jiménez. |
| 260 |
_aEspaña _bSerbal _c2002 |
||
| 300 |
_a549 p. _c21 cm. |
||
| 440 | 0 |
_aCultura artística _v20 _96089 |
|
| 500 | _aIncluye índice de entidades inmateriales | ||
| 500 | _aTraducción de : Attributs et symboles dans l`art profane. Dictionaire d´un langage perdu : 1450-1600 | ||
| 650 | 1 | 4 |
_aSimbolismo _vDiccionarios _xArte profano _zEspaña _96090 |
| 700 | 1 |
_aSousa Jiménez, José María _96091 |
|
| 740 | 0 | _aAtributs et symboles dans l´art profane. Dictionaire d´un langage perdu : 1450-1600 | |
| 902 | _aREF | ||
| 942 |
_2lcc _cB |
||
| 999 |
_c1754 _d1754 |
||